Concepts and applications of finite element analysis / (Record no. 548831)

000 -LEADER
fixed length control field 00931pam a2200253 a 4500
020 ## - INTERNATIONAL STANDARD BOOK NUMBER
International Standard Book Number 0471847887
082 00 - DEWEY DECIMAL CLASSIFICATION NUMBER
Classification number 624.171
-- D
Author Mark COO
100 1# - MAIN ENTRY--PERSONAL NAME
Personal name Cook, Robert Davis.
9 (RLIN) 36325
245 10 - TITLE STATEMENT
Title Concepts and applications of finite element analysis /
Statement of responsibility, etc. Robert D. Cook, David S. Malkus, Michael E. Plesha.
250 ## - EDITION STATEMENT
Edition statement 3rd ed.
260 ## - PUBLICATION, DISTRIBUTION, ETC.
Place of publication, distribution, etc. New York :
Name of publisher, distributor, etc. Wiley,
Date of publication, distribution, etc. c1989.
300 ## - PHYSICAL DESCRIPTION
Extent xviii, 630 p. :
Other physical details ill. ;
Dimensions 26 cm.
500 ## - GENERAL NOTE
General note Includes index.
526 ## - STUDY PROGRAM INFORMATION NOTE
Program name 0
Interest level 0
Reading level 0
Title point value 624_171000000000000_COO
650 #0 - SUBJECT ADDED ENTRY--TOPICAL TERM
Topical term or geographic name entry element Finite element method.
9 (RLIN) 1938
650 #0 - SUBJECT ADDED ENTRY--TOPICAL TERM
Topical term or geographic name entry element MCE
9 (RLIN) 379
650 #0 - SUBJECT ADDED ENTRY--TOPICAL TERM
Topical term or geographic name entry element Structural analysis (Engineering)
9 (RLIN) 654
700 1# - ADDED ENTRY--PERSONAL NAME
Personal name Malkus, David S.
9 (RLIN) 8648
700 1# - ADDED ENTRY--PERSONAL NAME
Personal name Plesha, Michael E.
9 (RLIN) 8649
856 4# - ELECTRONIC LOCATION AND ACCESS
Uniform Resource Identifier <a href="http://www.loc.gov/catdir/toc/onix01/88027929.html">http://www.loc.gov/catdir/toc/onix01/88027929.html</a>
856 42 - ELECTRONIC LOCATION AND ACCESS
Uniform Resource Identifier <a href="http://www.loc.gov/catdir/enhancements/fy0607/88027929-b.html">http://www.loc.gov/catdir/enhancements/fy0607/88027929-b.html</a>
856 42 - ELECTRONIC LOCATION AND ACCESS
Uniform Resource Identifier <a href="http://www.loc.gov/catdir/enhancements/fy0607/88027929-d.html">http://www.loc.gov/catdir/enhancements/fy0607/88027929-d.html</a>
942 ## - ADDED ENTRY ELEMENTS (KOHA)
Source of classification or shelving scheme
Koha item type Book
Holdings
Withdrawn status Lost status Source of classification or shelving scheme Damaged status Not for loan Permanent Location Current Location Date acquired Total Checkouts Total Renewals Full call number Barcode Date last seen Date last checked out Price effective from Koha item type
          Military College of Engineering (MCE) Military College of Engineering (MCE) 09/09/2014 4 3 624.171 COO MCE-46259 01/07/2021 01/07/2021 03/14/2021 Book
© 2023 Central Library, National University of Sciences and Technology. All Rights Reserved.